LEADER 01058cam0-22003491i-450- 001 990008089980403321 005 20051007124538.0 035 $a000808998 035 $aFED01000808998 035 $a(Aleph)000808998FED01 035 $a000808998 100 $a20050414d1980----km-y0itay50------ba 101 0 $aita 102 $aIT 105 $ay---n---001yy 200 1 $aRassegna di giurisprudenza sulle leggi relative all'istruzione elementare$fa cura di Nicola Daniele 205 $a2. ed. aggiornata 210 $aMilano$cGiuffrè$d1980 215 $aX, 1340 p.$d25 cm 225 1 $aRaccolta di giurisprudenza amministrativa e tributaria$v43 676 $a372$v18$zita 676 $a342.06 700 1$aDaniele,$bNicola$0109871 801 0$aIT$bUNINA$gRICA$2UNIMARC 901 $aBK 912 $a990008089980403321 952 $aCOLLEZ. 169 (43)$b110727$fFGBC 952 $aVI M 10$b3483$fDDA 959 $aDDA 959 $aFGBC 996 $aRassegna di giurisprudenza sulle leggi relative all'istruzione elementare$9232555 997 $aUNINA LEADER 00958nam0-22003371i-450- 001 990002055760403321 005 20120423190302.0 035 $a000205576 035 $aFED01000205576 035 $a(Aleph)000205576FED01 035 $a000205576 100 $a20030910d1958----km-y0itay50------ba 101 0 $afre 102 $aFR 200 1 $a<>culicides du "midi" mediterranéen$eétude systematique et ecologique$fJean A. Rioux 210 $aParis$cPaul Lechevalier$d1958 215 $a303 p.$d25 cm 225 1 $aEncyclopédie entomologique$iSérie A.$v35 610 0 $aDitteri 610 0 $aOrthorrapha 610 0 $aCulicidae 610 0 $aDiptera 676 $a595.771 700 1$aRioux,$bJean A.$087684 801 0$aIT$bUNINA$gRICA$2UNIMARC 901 $aBK 912 $a990002055760403321 952 $a61 VIII B.2/01.35$bOPV. 1280$fDAGEN 959 $aDAGEN 996 $aCulicides du "midi" mediterranéen$9406284 997 $aUNINA